Les différents championnats européens de football sur une carte - Statistiques

Statistiques générales
  • Ce quiz a été pris 37 fois
  • Le résultat moyen est 12 sur 43
Réponses sur la Carte
Les réponses sont colorées sur une échelle allant du rouge au vert en fonction du pourcentage des utilisateurs qui les ont devinées à leur premier essai. Vous pouvez retrouver ces pourcentages ci-dessous.
 
Statistiques - réponses
Réponse % Correct
Ligue 1
97%
LaLiga EA Sports
94%
Liga Portugal Betclic
91%
Premier League
88%
Série A
82%
Bundesliga
79%
Austrian Bundesliga
67%
Eredivisie
67%
Jupiler Pro League
61%
Liechtenstein Cup
58%
Campionato Sanmarinese BKN301
45%
Allsvenskan
39%
Mozzart Bet SuperLiga Srbije
33%
Eliteserien
27%
Prva Makedonska Fudbalska Liga
27%
Super League
24%
Nemzeti Bajnoksag I
21%
SSE Aircity League
21%
BGL Ligue
15%
Ekstraklasa
15%
Primera Divisió
15%
Veikkausliiga
15%
HNL
12%
Kategoria Superiore
9%
Niké Liga
9%
Stoiximan Super League
9%
Virsliga
9%
A Lyga
6%
Besta Deildin
6%
efbet League
6%
Meistri liiga
6%
Premier-Liga
6%
Prva Crnogorska Liga
6%
Prva Liga
6%
VBET UPL
6%
Vysshaya Liga
6%
1st division
3%
Albi Mall Superliga
3%
Chance Liga
3%
Superliga
3%
BOV Premier League
0%
Prva liga Telemach
0%
Super Liga
0%
Aucun quiz correspondant
Distribution des résultats
% des personnes avec chaque résultat
Percentile par nombre de réponses
Votre historique - résultats
Vous n’avez pas pris ce quiz